| 000 | 00784pam a2200181 a 4500 | ||
|---|---|---|---|
| 020 | _a0094308802 (pbk.) | ||
| 040 | _cDLC | ||
| 082 | 0 | 0 | _a581 AME 1984 A063 Or. |
| 245 | 1 | 0 |
_aStructure, function, and biosynthesis of plant cell walls : _bproceedings of the Seventh Annual Symposium in Botany, January 12-14, 1984, University of California, Riverside / |
| 260 |
_aRockville, Md. : _bAmerican Society of Plant Physiologists, _cc1984. |
||
| 300 |
_axiii, 507 p. : _bill. ; _c23 cm. |
||
| 500 | _aProceedings sponsored by the Dept. of Botany and Plant Sciences, University of California, Riverside, and other organizations. | ||
| 650 | 0 | _aPlant cell walls | |
| 700 | 1 | _aDugger, W. M., | |
| 700 | 2 | _aBartnicki-Garcia, S. | |
| 710 | 2 | _aUniversity of California, Riverside. | |
| 942 | _cEK | ||
| 999 |
_c14987 _d14987 |
||